000
00300nam a22001337a 4500
020
_a
8171322824
041
_a
ENG
100
_a
Agrawal.S
245
_a
Seed Spices Production,Quality Export
260
_a
India
_b
Pointer Publishers
_c
2006
300
_a
314
650
_a
APE
856
_u
APE ( 03 )
999
_c
1721
_d
1721